[Event "Bundesliga 9798"]
[Site "Deutschland"]
[Date "1997.??.??"]
[Round "?.1"]
[White "Schlosser, Philipp"]
[Black "Balashov, Yuri S"]
[Result "1/2-1/2"]
[WhiteElo "2550"]
[BlackElo "2550"]
[PlyCount "81"]
[EventDate "1997.10.??"]
[EventType "team"]
[EventRounds "15"]
[EventCountry "GER"]
[SourceTitle "Bundesliga 9798"]
[Source "DeepChess"]
[SourceDate "2005.01.01"]
[SourceVersion "1"]
[SourceVersionDate "2005.01.01"]
[SourceQuality "1"]
[WhiteTeam "SK Passau 1869"]
[BlackTeam "SVG Plettenberg"]
[WhiteTeamCountry "GER"]
[BlackTeamCountry "GER"]

1. Nf3 d5 2. d4 Nf6 3. c4 dxc4 4. e3 e6 5. Bxc4 c5 6. O-O a6 7. Bb3 Nc6 8. Qe2
cxd4 9. Rd1 d3 10. Rxd3 Qc7 11. Nc3 Be7 12. e4 Nd7 13. Be3 O-O 14. Rc1 Qa5 15.
Rdd1 Qh5 16. Bf4 Bf6 17. Bd6 Re8 18. Qe3 Nce5 19. Nxe5 Bxe5 20. Bxe5 Nxe5 21.
Na4 b5 22. Nb6 Rb8 23. Nxc8 Rbxc8 24. Rxc8 Rxc8 25. Qb6 Rf8 26. Qxa6 Qe2 27.
Qb6 Qxb2 28. Qxb5 Qc3 29. Qb6 h6 30. Qd4 Qa5 31. Qd2 Qc5 32. Qd6 Qc3 33. h3 Rc8
34. Kh2 g5 35. Kh1 Kg7 36. Qd4 Kf6 37. Kg1 Qxd4 38. Rxd4 Rc1+ 39. Rd1 Rc3 40.
Rd2 Rc1+ 41. Rd1 1/2-1/2

[Event "Bundesliga 9798"]
[Site "Deutschland"]
[Date "1997.??.??"]
[Round "?.3"]
[White "Smejkal, Jan"]
[Black "Danner, Georg"]
[Result "0-1"]
[WhiteElo "2525"]
[BlackElo "2415"]
[PlyCount "69"]
[EventDate "1997.10.??"]
[EventType "team"]
[EventRounds "15"]
[EventCountry "GER"]
[SourceTitle "Bundesliga 9798"]
[Source "DeepChess"]
[SourceDate "2005.01.01"]
[SourceVersion "1"]
[SourceVersionDate "2005.01.01"]
[SourceQuality "1"]
[WhiteTeam "SK Passau 1869"]
[BlackTeam "SVG Plettenberg"]
[WhiteTeamCountry "GER"]
[BlackTeamCountry "GER"]

1. Nf3 g6 2. d4 f5 3. g3 Bg7 4. Bg2 d6 5. O-O Nf6 6. b3 O-O 7. Bb2 Qe8 8. c4
Na6 9. Qc2 Ne4 10. Nbd2 Nb4 11. Qc1 Bh6 12. a3 Nc6 13. d5 Ne5 14. Qc2 Nxf3+ 15.
Nxf3 e5 16. dxe6 Bxe6 17. e3 c6 18. Rad1 Rd8 19. Rfe1 d5 20. Nd4 Bg7 21. Nxe6
Qxe6 22. cxd5 Rxd5 23. Bxg7 Kxg7 24. Rxd5 Qxd5 25. Rd1 Qe5 26. b4 Nf6 27. Rd4
Rf7 28. Qd3 h5 29. h3 a5 30. Bf3 axb4 31. axb4 Re7 32. Kg2 Ne4 33. Rd7 Nf6 34.
Rd8 Re8 35. Rd6 0-1

[Event "Bundesliga 9798"]
[Site "Deutschland"]
[Date "1997.??.??"]
[Round "?.4"]
[White "Baumegger, Siegfried"]
[Black "Wells, Peter K"]
[Result "0-1"]
[WhiteElo "2485"]
[BlackElo "2530"]
[PlyCount "122"]
[EventDate "1997.10.??"]
[EventType "team"]
[EventRounds "15"]
[EventCountry "GER"]
[SourceTitle "Bundesliga 9798"]
[Source "DeepChess"]
[SourceDate "2005.01.01"]
[SourceVersion "1"]
[SourceVersionDate "2005.01.01"]
[SourceQuality "1"]
[WhiteTeam "SVG Plettenberg"]
[BlackTeam "SK Passau 1869"]
[WhiteTeamCountry "GER"]
[BlackTeamCountry "GER"]

1. d4 Nf6 2. c4 e6 3. Nc3 Bb4 4. e3 O-O 5. Bd3 d5 6. cxd5 exd5 7. Nge2 Re8 8.
O-O Bd6 9. a3 h5 10. f3 c5 11. Qe1 Nc6 12. Qh4 g6 13. Bd2 Bf8 14. Rad1 a6 15.
Bc1 cxd4 16. exd4 Bg7 17. Bg5 Qd6 18. Bb1 b5 19. Kh1 b4 20. axb4 Nxb4 21. Qf2
a5 22. Rfe1 Bd7 23. Nc1 Nh7 24. Be3 a4 25. Nd3 Nxd3 26. Bxd3 a3 27. bxa3 Rxa3
28. Nb5 Bxb5 29. Bxb5 Rb8 30. Rb1 Nf8 31. Qd2 Ne6 32. Bg1 Rc8 33. Rec1 Raa8 34.
Rxc8+ Rxc8 35. Ra1 Rb8 36. Bf1 Qb4 37. Qa2 Bxd4 38. Bxd4 Qxd4 39. Rb1 Rxb1 40.
Qxb1 h4 41. Qc2 Kg7 42. Qd3 Qxd3 43. Bxd3 Kf6 44. Kg1 Ke5 45. Kf2 Kd4 46. Bb5
Kc3 47. Be8 Nd8 48. f4 d4 49. Ke2 d3+ 50. Kd1 d2 51. g3 h3 52. Ba4 Ne6 53. Ke2
Nc5 54. Bd1 f5 55. Ke3 Ne4 56. g4 Kb2 57. gxf5 gxf5 58. Kd4 Kc1 59. Bf3 d1=Q+
60. Bxd1 Kxd1 61. Ke5 Ng3 0-1

[Event "Bundesliga 9798"]
[Site "Deutschland"]
[Date "1997.??.??"]
[Round "?.5"]
[White "Pichler, Juergen"]
[Black "Schroll, Gerhard"]
[Result "1/2-1/2"]
[WhiteElo "2395"]
[BlackElo "2405"]
[PlyCount "41"]
[EventDate "1997.10.??"]
[EventType "team"]
[EventRounds "15"]
[EventCountry "GER"]
[SourceTitle "Bundesliga 9798"]
[Source "DeepChess"]
[SourceDate "2005.01.01"]
[SourceVersion "1"]
[SourceVersionDate "2005.01.01"]
[SourceQuality "1"]
[WhiteTeam "SK Passau 1869"]
[BlackTeam "SVG Plettenberg"]
[WhiteTeamCountry "GER"]
[BlackTeamCountry "GER"]

1. e4 Nf6 2. e5 Nd5 3. d4 d6 4. c4 Nb6 5. exd6 exd6 6. Nc3 Be7 7. Be2 O-O 8.
Nf3 Re8 9. O-O Bg4 10. h3 Bxf3 11. Bxf3 Nc6 12. b3 Bf6 13. Be3 Bg5 14. Qd2 Bxe3
15. fxe3 Qg5 16. Rae1 Re7 17. c5 dxc5 18. Ne4 Qh6 19. Nxc5 Rb8 20. Qf2 Nd7 21.
Nxd7 1/2-1/2

[Event "Bundesliga 9798"]
[Site "Deutschland"]
[Date "1997.??.??"]
[Round "?.6"]
[White "Thiel, Thomas"]
[Black "Klebel, Martin"]
[Result "1/2-1/2"]
[WhiteElo "2345"]
[BlackElo "2410"]
[PlyCount "60"]
[EventDate "1997.10.??"]
[EventType "team"]
[EventRounds "15"]
[EventCountry "GER"]
[SourceTitle "Bundesliga 9798"]
[Source "DeepChess"]
[SourceDate "2005.01.01"]
[SourceVersion "1"]
[SourceVersionDate "2005.01.01"]
[SourceQuality "1"]
[WhiteTeam "SVG Plettenberg"]
[BlackTeam "SK Passau 1869"]
[WhiteTeamCountry "GER"]
[BlackTeamCountry "GER"]

1. e4 c6 2. d4 d5 3. exd5 cxd5 4. c4 Nf6 5. Nc3 e6 6. Nf3 Be7 7. cxd5 Nxd5 8.
Bd3 Nc6 9. O-O O-O 10. Re1 Qd6 11. a3 Rd8 12. Ne5 g6 13. Nxd5 Qxd5 14. Be4 Qxd4
15. Nxc6 bxc6 16. Qxd4 Rxd4 17. Bxc6 Rb8 18. b4 Rc4 19. b5 Bf6 20. Ra2 Bb7 21.
Bxb7 Rxb7 22. a4 a6 23. bxa6 Ra7 24. Bd2 Rxa6 25. a5 Kg7 26. g3 Bd4 27. Rc1
Rxc1+ 28. Bxc1 Bc3 29. Ra3 Bb4 30. Ra4 Bc3 1/2-1/2

[Event "Bundesliga 9798"]
[Site "Deutschland"]
[Date "1997.??.??"]
[Round "?.7"]
[White "Schmidt, Peter"]
[Black "Oswald, Hans Joachim"]
[Result "1/2-1/2"]
[WhiteElo "2410"]
[BlackElo "2330"]
[PlyCount "84"]
[EventDate "1997.10.??"]
[EventType "team"]
[EventRounds "15"]
[EventCountry "GER"]
[SourceTitle "Bundesliga 9798"]
[Source "DeepChess"]
[SourceDate "2005.01.01"]
[SourceVersion "1"]
[SourceVersionDate "2005.01.01"]
[SourceQuality "1"]
[WhiteTeam "SK Passau 1869"]
[BlackTeam "SVG Plettenberg"]
[WhiteTeamCountry "GER"]
[BlackTeamCountry "GER"]

1. Nf3 Nf6 2. g3 g6 3. b3 Bg7 4. Bb2 O-O 5. Bg2 c5 6. c4 d6 7. d4 Nc6 8. O-O
cxd4 9. Nxd4 Bd7 10. Nc3 Qa5 11. h3 Qh5 12. g4 Qa5 13. e3 Rab8 14. a3 Rfc8 15.
Qe2 h6 16. Rad1 a6 17. f4 Nxd4 18. exd4 e6 19. Kh2 Qc7 20. d5 Re8 21. Qd2 Rbd8
22. Rfe1 Qb6 23. b4 Qc7 24. dxe6 Bxe6 25. Nd5 Bxd5 26. Bxf6 Bxf6 27. Qxd5 Rxe1
28. Rxe1 Kg7 29. Kh1 b6 30. Qc6 Qxc6 31. Bxc6 g5 32. fxg5 hxg5 33. Rd1 Rh8 34.
Kg2 Be5 35. a4 Rc8 36. b5 a5 37. Bd5 Re8 38. Rf1 Re7 39. Re1 Bf6 40. Be4 Bd4
41. Kf3 Bc5 42. Rd1 Re5 1/2-1/2

[Event "Bundesliga 9798"]
[Site "Deutschland"]
[Date "1997.??.??"]
[Round "?.8"]
[White "Michalczak, Thomas"]
[Black "Gross, David2"]
[Result "1-0"]
[WhiteElo "2275"]
[BlackElo "2305"]
[PlyCount "59"]
[EventDate "1997.10.??"]
[EventType "team"]
[EventRounds "15"]
[EventCountry "GER"]
[SourceTitle "Bundesliga 9798"]
[Source "DeepChess"]
[SourceDate "2005.01.01"]
[SourceVersion "1"]
[SourceVersionDate "2005.01.01"]
[SourceQuality "1"]
[WhiteTeam "SVG Plettenberg"]
[BlackTeam "SK Passau 1869"]
[WhiteTeamCountry "GER"]
[BlackTeamCountry "GER"]

1. e4 c5 2. c3 Nf6 3. e5 Nd5 4. d4 cxd4 5. Nf3 e6 6. cxd4 d6 7. a3 Nd7 8. Bd3
dxe5 9. dxe5 g6 10. O-O Bg7 11. Qe2 O-O 12. Bg5 Qc7 13. Re1 b6 14. h4 h6 15.
Bd2 Bb7 16. Nc3 Nc5 17. Nb5 Qe7 18. Bc2 Rfd8 19. h5 g5 20. b4 Nd7 21. Qe4 f5
22. exf6 N7xf6 23. Qg6 Bc6 24. Nbd4 Be8 25. Qd3 Qb7 26. Nxe6 Rd7 27. Nxg7 Kxg7
28. Rxe8 Nf4 29. Re7+ Rxe7 30. Bxf4 1-0

[Event "Bundesliga 9798"]
[Site "Deutschland"]
[Date "1998.??.??"]
[Round "?.1"]
[White "Womacka, Mathias"]
[Black "Gavrikov, Viktor"]
[Result "1/2-1/2"]
[WhiteElo "2475"]
[BlackElo "2575"]
[PlyCount "36"]
[EventDate "1997.10.??"]
[EventType "team"]
[EventRounds "15"]
[EventCountry "GER"]
[SourceTitle "Bundesliga 9798"]
[Source "DeepChess"]
[SourceDate "2005.01.01"]
[SourceVersion "1"]
[SourceVersionDate "2005.01.01"]
[SourceQuality "1"]
[WhiteTeam "USG Chemnitz"]
[BlackTeam "SK Passau 1869"]
[WhiteTeamCountry "GER"]
[BlackTeamCountry "GER"]

1. e4 c5 2. Nf3 e6 3. d4 cxd4 4. Nxd4 a6 5. Bd3 Bc5 6. Nb3 Ba7 7. Qe2 Nc6 8.
Be3 d6 9. Nc3 b5 10. Bxa7 Rxa7 11. f4 Nf6 12. O-O-O b4 13. Na4 Qc7 14. g4 Nd7
15. Qd2 O-O 16. Be2 Nf6 17. Qxd6 Nxe4 18. Qxc7 Rxc7 1/2-1/2

[Event "Bundesliga 9798"]
[Site "Deutschland"]
[Date "1998.??.??"]
[Round "?.2"]
[White "Schlosser, Philipp"]
[Black "Roesch, Arnd"]
[Result "1-0"]
[WhiteElo "2550"]
[BlackElo "2350"]
[PlyCount "67"]
[EventDate "1997.10.??"]
[EventType "team"]
[EventRounds "15"]
[EventCountry "GER"]
[SourceTitle "Bundesliga 9798"]
[Source "DeepChess"]
[SourceDate "2005.01.01"]
[SourceVersion "1"]
[SourceVersionDate "2005.01.01"]
[SourceQuality "1"]
[WhiteTeam "SK Passau 1869"]
[BlackTeam "USG Chemnitz"]
[WhiteTeamCountry "GER"]
[BlackTeamCountry "GER"]

1. d4 d6 2. Nf3 Bg4 3. c4 Nd7 4. Nc3 e5 5. g3 Bxf3 6. exf3 exd4 7. Qxd4 Qf6 8.
Qe4+ Qe7 9. Nd5 Qxe4+ 10. fxe4 O-O-O 11. Be3 Re8 12. Bg2 Ngf6 13. Nxf6 Nxf6 14.
f3 d5 15. cxd5 Nxd5 16. Bf2 Nb4 17. Ke2 Rd8 18. a3 Nc6 19. Rhd1 Be7 20. f4 Rxd1
21. Rxd1 Rd8 22. Bh3+ Kb8 23. Rd7 Rxd7 24. Bxd7 Nd8 25. Bd4 f6 26. e5 fxe5 27.
Bxe5 Bf8 28. Be8 b6 29. Kd3 Nb7 30. Bc6 Kc8 31. Ke4 Nc5+ 32. Kd5 a5 33. Bb5 Kb7
34. f5 1-0

[Event "Bundesliga 9798"]
[Site "Deutschland"]
[Date "1998.??.??"]
[Round "?.3"]
[White "Kunze, Carlo"]
[Black "Smejkal, Jan"]
[Result "1/2-1/2"]
[WhiteElo "2340"]
[BlackElo "2525"]
[PlyCount "97"]
[EventDate "1997.10.??"]
[EventType "team"]
[EventRounds "15"]
[EventCountry "GER"]
[SourceTitle "Bundesliga 9798"]
[Source "DeepChess"]
[SourceDate "2005.01.01"]
[SourceVersion "1"]
[SourceVersionDate "2005.01.01"]
[SourceQuality "1"]
[WhiteTeam "USG Chemnitz"]
[BlackTeam "SK Passau 1869"]
[WhiteTeamCountry "GER"]
[BlackTeamCountry "GER"]

1. d4 d6 2. Nf3 Bg4 3. e4 Nf6 4. Nc3 e6 5. Be2 Be7 6. O-O c6 7. a4 d5 8. e5
Nfd7 9. Re1 O-O 10. h3 Bh5 11. Bf4 c5 12. Qd2 Nc6 13. dxc5 Nxc5 14. Nd4 Bg6 15.
Nxc6 bxc6 16. b4 Nd7 17. Rab1 c5 18. b5 d4 19. Nd1 Nb6 20. Nb2 Rc8 21. Bc4 Nxc4
22. Nxc4 Qd5 23. Na5 c4 24. Nc6 Bc5 25. Rbd1 Rxc6 26. bxc6 c3 27. Qe2 Qxc6 28.
Qc4 Rc8 29. Rc1 h6 30. Kh2 Bb6 31. Qe2 Qxa4 32. Qg4 Kf8 33. Re2 Rc4 34. g3 Rc8
35. h4 h5 36. Qh3 d3 37. cxd3 Bxd3 38. Rd2 Qd7 39. Rdd1 c2 40. Rd2 Ba5 41. g4
Bxd2 42. Bxd2 Bf5 43. Bb4+ Kg8 44. gxf5 Qd4 45. fxe6 Qxf2+ 46. Kh1 fxe6 47.
Qxe6+ Kh7 48. Qxc8 Qf3+ 49. Kg1 1/2-1/2

[Event "Bundesliga 9798"]
[Site "Deutschland"]
[Date "1998.??.??"]
[Round "?.4"]
[White "Wells, Peter K"]
[Black "Lorenz, Gerd"]
[Result "1-0"]
[WhiteElo "2530"]
[BlackElo "2305"]
[PlyCount "77"]
[EventDate "1997.10.??"]
[EventType "team"]
[EventRounds "15"]
[EventCountry "GER"]
[SourceTitle "Bundesliga 9798"]
[Source "DeepChess"]
[SourceDate "2005.01.01"]
[SourceVersion "1"]
[SourceVersionDate "2005.01.01"]
[SourceQuality "1"]
[WhiteTeam "SK Passau 1869"]
[BlackTeam "USG Chemnitz"]
[WhiteTeamCountry "GER"]
[BlackTeamCountry "GER"]

1. d4 d6 2. Nf3 Bg4 3. c4 Bxf3 4. exf3 g6 5. h4 Bg7 6. h5 e5 7. d5 Nd7 8. Nc3
f5 9. g4 Qe7 10. gxf5 gxf5 11. Qc2 Qf6 12. Bh3 Ne7 13. Nb5 Kd8 14. Rg1 h6 15.
Bd2 a6 16. Nc3 Rf8 17. O-O-O Rf7 18. Rg3 Qh4 19. Rdg1 Bf8 20. Bf1 f4 21. R3g2
Qxh5 22. Ne4 b6 23. Bc3 Kc8 24. Bd3 Nf5 25. Ng5 hxg5 26. Rxg5 Ne3 27. Rxh5 Nxc2
28. Kxc2 Nc5 29. Bf5+ Kb7 30. b4 Na4 31. Bd2 b5 32. cxb5 axb5 33. Bd3 Nb6 34.
Kb3 Nxd5 35. Bxb5 Nb6 36. Rc1 Rd8 37. a4 d5 38. a5 Nc4 39. Be1 $138 1-0

[Event "Bundesliga 9798"]
[Site "Deutschland"]
[Date "1998.??.??"]
[Round "?.5"]
[White "Kyas, Juergen"]
[Black "Pichler, Juergen"]
[Result "0-1"]
[WhiteElo "2265"]
[BlackElo "2395"]
[PlyCount "118"]
[EventDate "1997.10.??"]
[EventType "team"]
[EventRounds "15"]
[EventCountry "GER"]
[SourceTitle "Bundesliga 9798"]
[Source "DeepChess"]
[SourceDate "2005.01.01"]
[SourceVersion "1"]
[SourceVersionDate "2005.01.01"]
[SourceQuality "1"]
[WhiteTeam "USG Chemnitz"]
[BlackTeam "SK Passau 1869"]
[WhiteTeamCountry "GER"]
[BlackTeamCountry "GER"]

1. e4 c6 2. d4 d5 3. Nc3 dxe4 4. Nxe4 Nd7 5. Bc4 Ngf6 6. Nxf6+ Nxf6 7. c3 e6 8.
Nf3 Be7 9. O-O O-O 10. Bg5 b6 11. Ne5 Qc7 12. Qe2 Bb7 13. Rad1 Rad8 14. Rfe1
Nd5 15. Bxe7 Qxe7 16. Bb3 c5 17. g3 Nf6 18. dxc5 Qxc5 19. Qe3 Qc7 20. Rxd8 Rxd8
21. Rd1 Rd6 22. Rxd6 Qxd6 23. Qd3 Qc7 24. Bd1 Bd5 25. Qd4 Bxa2 26. c4 a5 27. g4
Ne8 28. b3 Qd6 29. Qxd6 Nxd6 30. Nd7 Nc8 31. c5 bxc5 32. Nxc5 Nd6 33. Nd3 Bb1
34. Nc5 g5 35. Kg2 Kg7 36. Kf3 Kf6 37. Ke3 Ke7 38. Be2 f5 39. f3 f4+ 40. Kd4
Bg6 41. Ke5 Bc2 42. Kd4 h6 43. Kc3 Bg6 44. Kd4 Be8 45. Bd1 Bb5 46. Ke5 Bc6 47.
Kd4 Nf7 48. Nd3 Kd6 49. Kc4 e5 50. b4 axb4 51. Nxb4 Bb7 52. Kc3 Nd8 53. Kc4 Ne6
54. Nc2 e4 55. fxe4 Ke5 56. Nb4 Kxe4 57. Bc2+ Ke3 58. Bf5 f3 59. Nc2+ Kd2 0-1

[Event "Bundesliga 9798"]
[Site "Deutschland"]
[Date "1998.??.??"]
[Round "?.6"]
[White "Klebel, Martin"]
[Black "Mirschinka, Dirk"]
[Result "1-0"]
[WhiteElo "2410"]
[BlackElo "2260"]
[PlyCount "83"]
[EventDate "1997.10.??"]
[EventType "team"]
[EventRounds "15"]
[EventCountry "GER"]
[SourceTitle "Bundesliga 9798"]
[Source "DeepChess"]
[SourceDate "2005.01.01"]
[SourceVersion "1"]
[SourceVersionDate "2005.01.01"]
[SourceQuality "1"]
[WhiteTeam "SK Passau 1869"]
[BlackTeam "USG Chemnitz"]
[WhiteTeamCountry "GER"]
[BlackTeamCountry "GER"]

1. d4 d6 2. Nf3 Bg4 3. c4 Nd7 4. g3 Bxf3 5. exf3 g6 6. Bg2 Bg7 7. O-O Nh6 8. g4
O-O 9. Be3 f5 10. Qd2 Nf7 11. h3 e5 12. dxe5 Ndxe5 13. Na3 f4 14. Bxf4 Qf6 15.
b3 g5 16. Bg3 Ng6 17. Rad1 Nfe5 18. Nb5 Qe7 19. Nd4 Qf6 20. Nf5 Ne7 21. Nxe7+
Qxe7 22. f4 gxf4 23. Bxf4 Rab8 24. Qd5+ Kh8 25. Bg3 Ng6 26. Rde1 Qf6 27. f4 Qb2
28. Be4 c6 29. Qh5 Bd4+ 30. Kh1 Rg8 31. Bb1 Rbf8 32. Re7 Rg7 33. Rxg7 Kxg7 34.
g5 Qc3 35. Qh6+ Kg8 36. Bxg6 hxg6 37. Qxg6+ Bg7 38. Kh2 d5 39. f5 Qd3 40. Qe6+
Kh8 41. f6 Bh6 42. gxh6 1-0

[Event "Bundesliga 9798"]
[Site "Deutschland"]
[Date "1998.??.??"]
[Round "?.7"]
[White "Helbig, Uwe"]
[Black "Schmidt, Peter"]
[Result "1-0"]
[WhiteElo "2240"]
[BlackElo "2410"]
[PlyCount "105"]
[EventDate "1997.10.??"]
[EventType "team"]
[EventRounds "15"]
[EventCountry "GER"]
[SourceTitle "Bundesliga 9798"]
[Source "DeepChess"]
[SourceDate "2005.01.01"]
[SourceVersion "1"]
[SourceVersionDate "2005.01.01"]
[SourceQuality "1"]
[WhiteTeam "USG Chemnitz"]
[BlackTeam "SK Passau 1869"]
[WhiteTeamCountry "GER"]
[BlackTeamCountry "GER"]

1. d4 d5 2. Nf3 Nf6 3. Bg5 Ne4 4. Bf4 c5 5. c3 Nc6 6. e3 Qb6 7. Qb3 g6 8. Qxb6
axb6 9. Bc7 c4 10. Bxb6 Kd7 11. Ne5+ Nxe5 12. dxe5 e6 13. Nd2 Nc5 14. b3 Nxb3
15. Nxb3 Kc6 16. Bd8 cxb3 17. a4 b6 18. Bb5+ Kc5 19. Rb1 Ba6 20. Rxb3 Bxb5 21.
Rxb5+ Kc4 22. Bxb6 Rxa4 23. Rb1 Bc5 24. Bxc5 Kxc5 25. Ke2 Ra2+ 26. Kf3 Rf8 27.
Ra1 Rc2 28. Rhc1 Rxc1 29. Rxc1 Kc4 30. Ra1 f6 31. exf6 Kxc3 32. Ke2 Rxf6 33.
Rc1+ Kb4 34. f3 e5 35. Rc7 h5 36. Re7 Rf5 37. g4 hxg4 38. fxg4 Rf8 39. Rxe5 Kc4
40. h4 Rh8 41. h5 gxh5 42. gxh5 d4 43. Ra5 Rh6 44. exd4 Kxd4 45. Kf3 Rf6+ 46.
Kg4 Ke4 47. Kg5 Rf8 48. h6 Rg8+ 49. Kf6 Rf8+ 50. Kg6 Rb8 51. h7 Rb6+ 52. Kg5
Rb8 53. Ra7 1-0

[Event "Bundesliga 9798"]
[Site "Deutschland"]
[Date "1998.??.??"]
[Round "?.8"]
[White "Schlingensiepen, Christian"]
[Black "Ahner, Andreas"]
[Result "1-0"]
[WhiteElo "2300"]
[BlackElo "2250"]
[PlyCount "81"]
[EventDate "1997.10.??"]
[EventType "team"]
[EventRounds "15"]
[EventCountry "GER"]
[SourceTitle "Bundesliga 9798"]
[Source "DeepChess"]
[SourceDate "2005.01.01"]
[SourceVersion "1"]
[SourceVersionDate "2005.01.01"]
[SourceQuality "1"]
[WhiteTeam "SK Passau 1869"]
[BlackTeam "USG Chemnitz"]
[WhiteTeamCountry "GER"]
[BlackTeamCountry "GER"]

1. Nf3 Nf6 2. g3 g6 3. Bg2 Bg7 4. O-O O-O 5. d3 d5 6. Nbd2 c5 7. e4 e6 8. Re1
Nc6 9. c3 Qc7 10. e5 Nd7 11. d4 b5 12. Nf1 a5 13. Bf4 Ba6 14. Ne3 Qa7 15. Ng4
h5 16. Ne3 b4 17. g4 bxc3 18. bxc3 cxd4 19. cxd4 hxg4 20. Nxg4 Nb4 21. Bh6 f5
22. exf6 Nxf6 23. Nxf6+ Rxf6 24. Bxg7 Qxg7 25. Ne5 Rc8 26. Rc1 Rxc1 27. Qxc1
Nd3 28. Nxd3 Bxd3 29. Qc3 Bc4 30. Qxa5 Rf4 31. Qd8+ Kh7 32. Re3 Rf5 33. Qh4+
Qh6 34. Qe7+ Qg7 35. Rh3+ Rh5 36. Rxh5+ gxh5 37. Qxg7+ Kxg7 38. a4 Ba6 39. Bf1
Bb7 40. f4 Kf6 41. Bd3 1-0

[Event "Bundesliga 9798"]
[Site "Deutschland"]
[Date "1998.??.??"]
[Round "?.2"]
[White "Conquest, Stuart"]
[Black "Cvitan, Ognjen"]
[Result "1/2-1/2"]
[WhiteElo "2500"]
[BlackElo "2570"]
[PlyCount "80"]
[EventDate "1997.10.??"]
[EventType "team"]
[EventRounds "15"]
[EventCountry "GER"]
[SourceTitle "Bundesliga 9798"]
[Source "DeepChess"]
[SourceDate "2005.01.01"]
[SourceVersion "1"]
[SourceVersionDate "2005.01.01"]
[SourceQuality "1"]
[WhiteTeam "SV Castrop Rauxel 1923"]
[BlackTeam "SK Zaehringen 1921"]
[WhiteTeamCountry "GER"]
[BlackTeamCountry "GER"]

1. e4 c5 2. Nf3 e6 3. Nc3 a6 4. d4 cxd4 5. Nxd4 d6 6. f4 b5 7. Bd3 Bb7 8. O-O
Nf6 9. Qe2 Be7 10. Kh1 O-O 11. Nf3 b4 12. Nd1 Nbd7 13. e5 Ne8 14. c4 bxc3 15.
Nxc3 Nc5 16. Bc2 a5 17. Rd1 Qb8 18. Be3 dxe5 19. fxe5 g6 20. Rac1 Ng7 21. Bxc5
Bxc5 22. Be4 Ba6 23. Qd2 Ra7 24. Qh6 Be7 25. Rd2 f5 26. exf6 Bxf6 27. Rcd1 Raf7
28. Qe3 Qa7 29. Qxa7 Rxa7 30. Bd3 Bb7 31. Ne4 Bxe4 32. Bxe4 Nf5 33. b3 Rc7 34.
Re2 Rfc8 35. g4 Rc1 36. Rxc1 Rxc1+ 37. Kg2 Nd4 38. Nxd4 Bxd4 39. Bd3 e5 40. Rc2
Re1 1/2-1/2

[Event "Bundesliga 9798"]
[Site "Deutschland"]
[Date "1998.??.??"]
[Round "?.4"]
[White "Hoffmann, Michael"]
[Black "Baklan, Vladimir"]
[Result "0-1"]
[WhiteElo "2440"]
[BlackElo "2570"]
[PlyCount "82"]
[EventDate "1997.10.??"]
[EventType "team"]
[EventRounds "15"]
[EventCountry "GER"]
[SourceTitle "Bundesliga 9798"]
[Source "DeepChess"]
[SourceDate "2005.01.01"]
[SourceVersion "1"]
[SourceVersionDate "2005.01.01"]
[SourceQuality "1"]
[WhiteTeam "SV Castrop Rauxel 1923"]
[BlackTeam "SK Zaehringen 1921"]
[WhiteTeamCountry "GER"]
[BlackTeamCountry "GER"]

1. e4 c5 2. Nf3 Nc6 3. d4 cxd4 4. Nxd4 Nf6 5. Nc3 d6 6. Bg5 e6 7. Qd2 a6 8.
O-O-O h6 9. Be3 Bd7 10. f4 b5 11. Bd3 Qc7 12. h3 Na5 13. g4 b4 14. Nce2 d5 15.
e5 Nc4 16. Bxc4 Ne4 17. Qe1 dxc4 18. f5 c3 19. b3 a5 20. fxe6 fxe6 21. Nf4 a4
22. Qh4 Qxe5 23. Ng6 Qa5 24. Rhf1 Nf6 25. Rf2 axb3 26. cxb3 Rg8 27. g5 hxg5 28.
Bxg5 O-O-O 29. Bxf6 gxf6 30. Nxf8 Rdxf8 31. Nc2 Qg5+ 32. Qxg5 fxg5 33. Rxf8+
Rxf8 34. Nxb4 e5 35. Rd3 Rf1+ 36. Rd1 Bxh3 37. Nd5 g4 38. Ne3 Rxd1+ 39. Kxd1 g3
40. Ke2 g2 41. Kf2 Bf5 0-1

[Event "Bundesliga 9798"]
[Site "Deutschland"]
[Date "1998.??.??"]
[Round "?.5"]
[White "Roos, Daniel"]
[Black "Appel, Ralf"]
[Result "1/2-1/2"]
[WhiteElo "2420"]
[BlackElo "2495"]
[PlyCount "39"]
[EventDate "1997.10.??"]
[EventType "team"]
[EventRounds "15"]
[EventCountry "GER"]
[SourceTitle "Bundesliga 9798"]
[Source "DeepChess"]
[SourceDate "2005.01.01"]
[SourceVersion "1"]
[SourceVersionDate "2005.01.01"]
[SourceQuality "1"]
[WhiteTeam "SK Zaehringen 1921"]
[BlackTeam "SV Castrop Rauxel 1923"]
[WhiteTeamCountry "GER"]
[BlackTeamCountry "GER"]

1. g3 d5 2. Bg2 c6 3. Nf3 Bg4 4. b3 Nf6 5. Bb2 Nbd7 6. c4 e6 7. O-O Be7 8. d3
O-O 9. Nbd2 a5 10. a3 Re8 11. h3 Bh5 12. Qc2 Bf8 13. cxd5 exd5 14. Rfe1 Nc5 15.
Nd4 Nfd7 16. Bc3 Qb6 17. N2f3 Na6 18. e3 Nc7 19. Reb1 Nc5 20. Nh4 1/2-1/2

[Event "Bundesliga 9798"]
[Site "Deutschland"]
[Date "1998.??.??"]
[Round "?.6"]
[White "Dinstuhl, Volkmar"]
[Black "Roos, Jean Luc"]
[Result "1-0"]
[WhiteElo "2410"]
[BlackElo "2310"]
[PlyCount "41"]
[EventDate "1997.10.??"]
[EventType "team"]
[EventRounds "15"]
[EventCountry "GER"]
[SourceTitle "Bundesliga 9798"]
[Source "DeepChess"]
[SourceDate "2005.01.01"]
[SourceVersion "1"]
[SourceVersionDate "2005.01.01"]
[SourceQuality "1"]
[WhiteTeam "SV Castrop Rauxel 1923"]
[BlackTeam "SK Zaehringen 1921"]
[WhiteTeamCountry "GER"]
[BlackTeamCountry "GER"]

1. d4 e6 2. c4 f5 3. g3 Nf6 4. Bg2 Be7 5. Nf3 O-O 6. O-O d6 7. b3 a5 8. Nc3 Na6
9. Ba3 c6 10. Rc1 Bd7 11. Bb2 Rb8 12. Ba1 Nc7 13. Qc2 Na6 14. Rfe1 b5 15. e4 d5
16. exf5 exf5 17. Ne5 f4 18. cxb5 Nb4 19. Qe2 f3 20. Bxf3 cxb5 21. a3 1-0